Widok standardowy
Widok MARC
Pozycja Personal Name
Liczba rekordów, w których użyto hasła: 1
001 - Numer kontrolny
- control field: 37976
003 - Identyfikator numeru kontrolnego
- control field: NUKAT
005 - Data i czas ostatniej modyfikacji
- control field: 20260312211340.0
008 - Dane kontrolne kodowane (40 znaków)
- fixed length control field: 990927n||a|znnaabn |a aaa |c
010 ## - Numer kontrolny Biblioteki Kongresu
- numer kontrolny LC: n 99008158
040 ## - Instytucja sporządzająca rekord
- inst. przygot. dane do rek. khw: WR O/LCs
- język haseł przedmiotowych/tezaurus: kaba
- inst. wprow. rek. khw: WR O/LCs
- inst. modyf. rek. khw: GD PAN/OT
- inst. modyf. rek. khw: WR U/mtr
100 0# - Hasło - nazwa osobowa
- nazwa osobowa w formie ujednoliconej: Juliusz
- numeracja (cyfry rzymskie): II
- dopowiedzenie inne niż daty biograficzne: (papież ;
- daty biograficzne: 1443-1513).
400 0# - Trop zob. - nazwa osobowa
- nazwa osobowa (nazwisko, imiona): Jules
- numeracja (cyfry rzymskie): II
- dopowiedzenia inne niż daty biograficzne: (pape ;
- daty biograficzne: 1443-1513).
400 1# - Trop zob. - nazwa osobowa
- nazwa osobowa (nazwisko, imiona): Rovere, Giuliano della.
400 0# - Trop zob. - nazwa osobowa
- nazwa osobowa (nazwisko, imiona): Julius
- numeracja (cyfry rzymskie): II
- dopowiedzenia inne niż daty biograficzne: (papa ;
- daty biograficzne: 1443-1513). [m]
400 0# - Trop zob. - nazwa osobowa
- nazwa osobowa (nazwisko, imiona): Iulius
- numeracja (cyfry rzymskie): II
- dopowiedzenia inne niż daty biograficzne: (pontifex maximus).
670 ## - Źródło informacji
- źródło informacji: Leksykon papieży / Rudolf Fischer-Wollpert. - Kraków, 1990.
670 ## - Źródło informacji
- źródło informacji: Papieże / Christopher Hibbert. - Warszawa, 1999.
670 ## - Źródło informacji
- źródło informacji: OPALE(P). - 1998
670 ## - Źródło informacji
- źródło informacji: Kp. Maximi Tyrii Philosophi Platonici Sermones siue Disputationes XLI [...]. - [Genevae], 1557.
- gdzie znaleziono informację: Adr. ded.
670 ## - Źródło informacji
- źródło informacji: Kp. M. Vitrvvivs Per Iocvndvm Solito Castigatior Factvs Cvm Figvris Et Tabvla Vt Iam Legi Et Intelligi Possit. - (Impressum Venetiis, 22 V 1511).
- gdzie znaleziono informację: Adr. ded.